Cargando...

ശ്രദ്ധിക്കൂ ! ചെറിയമനുഷ്യാ

Detalles Bibliográficos
Main Authors: വില്ല്യം റീഹ്, William Reich
Formato: Printed Book
Publicado: Kollam; Rachana Books;
Edición:1st
Subjects:
LEADER 00712nam a22001817a 4500
082 |a 100  |b WIL/S 
100 |a വില്ല്യം റീഹ്  |9 226730 
100 |a William Reich  |9 226731 
240 |a Sraddhikkoo Cheriya Manushya 
245 |a ശ്രദ്ധിക്കൂ ! ചെറിയമനുഷ്യാ 
250 |a 1st 
260 |a Kollam;  |b Rachana Books; 
300 |a 119p. 
650 |a മലയാളം; തത്ത്വശാസ്ത്രം  |9 226732 
650 |a Malayalam; Philosophy  |9 226733 
942 |c BK 
999 |c 53929  |d 53929 
952 |0 0  |1 0  |4 0  |6 100_000000000000000_WIL_S  |7 0  |8 PHIL  |9 64078  |a MAL  |b MAL  |d 2016-05-31  |e GM841  |g 90.00  |l 0  |o 100 WIL/S  |p MALGM000841A  |r 2016-05-31  |t 1  |w 2016-05-31  |y BK